| 000 | 00945nam a2200265 a 4500 | ||
|---|---|---|---|
| 001 | BRCA_1495 | ||
| 005 | 20190320203443.0 | ||
| 008 | 190508s2003----u--a######---#000-0#eng-# | ||
| 020 | _a0821414879 | ||
| 020 | _a0821414887 | ||
| 041 | _aeng | ||
| 044 | _au | ||
| 050 | 4 |
_aN6535.C5 _b.C54 2003 |
|
| 245 | 1 | 0 |
_aThe Cincinnati Wing _bThe Story of Art in the Queen City _cedited by Julie Aronson ; with contributions by Anita J. Ellis and Jennifer Howe. |
| 260 |
_aAthens _bCincinnati Art Museum : Ohio University Press _c2003 |
||
| 300 |
_axii, 227 p. _bil. a color _c28 cm. |
||
| 500 | _aIncluye índice general | ||
| 610 | 2 | 4 |
_aMuseo de Arte de Cincinnati _vCatálogos _94885 |
| 650 | 1 | 4 |
_aArte americano _vCatálogos _ySiglo XIX-XX _zOhio _zCincinnati _94886 |
| 650 | 1 | 4 |
_aArte _vCatálogos _zOhio _zCincinnati _94887 |
| 700 | 1 |
_aAronson, Julie _eed. _94888 |
|
| 700 | 1 |
_aEllis, Anita J. _94889 |
|
| 700 | 1 |
_aHowe, Jennifer _94890 |
|
| 942 |
_2lcc _cB |
||
| 999 |
_c1356 _d1356 |
||